| 000 | 01664nam a2200289Ia 4500 | ||
|---|---|---|---|
| 005 | 20220316235318.0 | ||
| 008 | 121119s2002 sp gr 000 f spa | ||
| 020 | _a8478444203 | ||
| 041 | 1 | _aspa | |
| 100 | 1 |
_aCalvino, Italo _d1923-1985 |
|
| 245 | 1 | 3 |
_aEl vizconde demediado _cItalo Calvino ; traducción de Esther Benítez |
| 250 | _aSexta edición | ||
| 264 | 1 |
_aMadrid _bSiruela _c2002 |
|
| 300 |
_a107 páginas _c22 cm. |
||
| 336 |
_atexto _btxt _2rdacontent |
||
| 337 |
_asin mediación _bn _2rdamedia |
||
| 338 |
_avolumen _bnc _2rdacarrier |
||
| 490 | 0 | _aBiblioteca Italo Calvino | |
| 520 | 3 | _aEl vizconde demediado es la primera incursión de Italo Calvino en lo fabuloso y lo fantástico. Cuenta Calvino la historia del vizconde de Terralba, quien fue partido en dos por un cañonazo de los turcos y cuyas dos mitades continuaron viviendo por separado. Símbolo de la condición humana dividida, medardo de Terralba sale a caminar por sus tierras. A su paso, las peras que colgaban de los árboles aparecen todas partidas por la mitad. Cada encuentro de dos seres en el mundo es un desgarrarse, le dice la mitad mala del vizconde a la mujer de quien se ha enamorado. Pero ¿es seguro que se trate de la mitad mala? Esta magnífica fábula plantea la búsqueda del ser humano en su totalidad, quien suele estar hecho de algo más que de la suma de sus mitades. | |
| 650 | 1 | 4 |
_2LEMB _aNovela italiana _ySiglo XX |
| 650 | 1 | 4 |
_2LEMB _aLiteratura italiana |
| 650 | 1 | 4 |
_2LEMB _aDesarrollo de la personalidad _vNovela |
| 700 | 1 |
_aBenítez, Esther _etraductor _9117596 |
|
| 942 |
_2loc _cBKLIT |
||
| 040 |
_aCO-BoRNBP _bspa _erda _cCO-BoRNBP |
||
| 084 | _aN CAL1 | ||
| 999 |
_c572 _d572 |
||